Получение биосовместимых сплавов системы Ti-Nb методом порошковой металлургии с применением релятивистского электронного пучка вне вакуума; Иерархические материалы: разработка и приложения для новых технологий и надежных конструкций

Dades bibliogràfiques
Parent link:Иерархические материалы: разработка и приложения для новых технологий и надежных конструкций.— 2019.— [С. 346]
Autor corporatiu: Национальный исследовательский Томский политехнический университет Исследовательская школа физики высокоэнергетических процессов
Altres autors: Глухов И. А., Голковский М. Г., Майрамбекова А. М., Шаркеев Ю. П. Юрий Петрович
Sumari:Заглавие с экрана
Режим доступа: по договору с организацией-держателем ресурса
Idioma:rus
Publicat: 2019
Col·lecció:Научные основы разработки материалов с многоуровневой иерархической структурой, в том числе для экстремальных условий эксплуатации: - материалы для авиакосмической и транспортной промышленности; - материалы для ядерной энергетики; - материалы для работы в условиях арктического климата; - материалы для медицины
Matèries:
Accés en línia:https://elibrary.ru/item.asp?id=41207102
Format: MixedMaterials Electrònic Capítol de llibre
KOHA link:https://koha.lib.tpu.ru/cgi-bin/koha/opac-detail.pl?biblionumber=661088

MARC

LEADER 00000nla2a2200000 4500
001 661088
005 20231228132014.0
035 |a (RuTPU)RU\TPU\network\31322 
035 |a RU\TPU\network\31317 
090 |a 661088 
100 |a 20191120a2019 k y0rusy50 ca 
101 0 |a rus 
102 |a RU 
105 |a y z 100zy 
135 |a drgn ---uucaa 
181 0 |a i  
182 0 |a b 
200 1 |a Получение биосовместимых сплавов системы Ti-Nb методом порошковой металлургии с применением релятивистского электронного пучка вне вакуума  |f И. А. Глухов [и др.] 
203 |a Текст  |c электронный 
225 1 |a Научные основы разработки материалов с многоуровневой иерархической структурой, в том числе для экстремальных условий эксплуатации: - материалы для авиакосмической и транспортной промышленности; - материалы для ядерной энергетики; - материалы для работы в условиях арктического климата; - материалы для медицины 
300 |a Заглавие с экрана 
320 |a [Библиогр.: с. 346 (3 назв.)] 
333 |a Режим доступа: по договору с организацией-держателем ресурса 
463 0 |0 (RuTPU)RU\TPU\network\31158  |t Иерархические материалы: разработка и приложения для новых технологий и надежных конструкций  |o международный междисциплинарный симпозиум, 1-5 октября 2019 г., Томск, Россия  |o тезисы докладов International Workshop "Multiscale Biomechanics and Tribology of Inorganic and Organic Systems"  |o тезисы докладов международной конференции "Перспективные материалы с иерархической структурой для новых технологий и надежных конструкций"  |o тезисы докладов международной конференции "Химия нефти и газа: добыча, подготовка, транспорт нефти и газа"  |f Российская академия наук (РАН), Сибирское отделение (СО), Институт физики прочности и материаловедения (ИФПМ) ; Институт химии нефти (ИХН)  |v [С. 346]  |d 2019 
610 1 |a электронный ресурс 
610 1 |a труды учёных ТПУ 
610 1 |a биосовместимость 
610 1 |a сплавы 
610 1 |a порошковая металлургия 
610 1 |a релятивистские пучки 
610 1 |a релятивистские электронные пучки 
610 1 |a высокоэнергетические методы 
610 1 |a титановые подложки 
610 1 |a промышленные ускорители 
610 1 |a ускорители электронов 
610 1 |a плавка 
610 1 |a шихта 
701 1 |a Глухов  |b И. А. 
701 1 |a Голковский  |b М. Г. 
701 1 |a Майрамбекова  |b А. М. 
701 1 |a Шаркеев  |b Ю. П.  |c физик  |c профессор Томского политехнического университета, доктор физико-математических наук  |f 1950-  |g Юрий Петрович  |3 (RuTPU)RU\TPU\pers\31437  |9 15599 
712 0 2 |a Национальный исследовательский Томский политехнический университет  |b Исследовательская школа физики высокоэнергетических процессов  |c (2017- )  |3 (RuTPU)RU\TPU\col\23551 
801 2 |a RU  |b 63413507  |c 20200826  |g RCR 
856 4 |u https://elibrary.ru/item.asp?id=41207102 
942 |c CF